El puente de San Luis Rey / (Record no. 144101)

MARC details
000 -CABECERA
campo de control de longitud fija 00640nam a2200205 a 4500
005 - FECHA Y HORA DE LA ÚLTIMA TRANSACCIÓN
campo de control 20240320063711.0
008 - ELEMENTOS DE LONGITUD FIJA--INFORMACIÓN GENERAL
campo de control de longitud fija 090824s2005 mx r 000 0 spa d
020 ## - NÚMERO INTERNACIONAL NORMALIZADO PARA LIBROS
Número Internacional Estándar del Libro 9686871896
035 ## - NÚMERO DE CONTROL DEL SISTEMA
Número de control de sistema UPN01000171997
049 ## - COLECCIÓN
Colección CG
050 #4 - SIGNATURA TOPOGRÁFICA DE LA BIBLIOTECA DEL CONGRESO
Número de clasificación PS3545 I3.45
Número de documento/Ítem P8.4
100 1# - ASIENTO PRINCIPAL--NOMBRE PERSONAL
Nombre de persona Wilder, Thornton Niven,
Fechas asociadas al nombre 1897-1975
9 (RLIN) 30668
245 13 - MENCIÓN DE TÍTULO
Título El puente de San Luis Rey /
Mención de responsabilidad, etc. Thornton Wilder ; tr. Ricardo Baeza.
260 ## - PUBLICACIÓN, DISTRIBUCIÓN, ETC.
Lugar de publicación, distribución, etc. México :
Nombre del editor, distribuidor, etc. Factoría,
Fecha de publicación, distribución, etc. 2005.
300 ## - DESCRIPCIÓN FÍSICA
Extensión 174 p.
440 #3 - MENCIÓN DE SERIE/ASIENTO SECUNDARIO--TÍTULO
Título El altar de los muertos ;
Designación de volumen o secuencia 24
534 ## - NOTA SOBRE LA VERSIÓN ORIGINAL
Frase introductoria Título original:
Mención de título del original The bridge of San Luis Rey (1927)
650 #4 - ASIENTO SECUNDARIO DE MATERIA - TERMINO TEMATICO
Término de materia o nombre geográfico como elemento de entrada Novela estadounidense
9 (RLIN) 4462
905 ## - TIPO DE MATERIAL
Tipo de material Libro
Holdings
Estado de retiro Estado de pérdida Fuente del sistema de clasificación o colocación Estado dañado No para préstamo Código de colección Localización permanente Ubicación/localización actual Ubicación en estantería Total de préstamos Clasificación Código de barras Fecha visto por última vez Número de copia Tipo de ítem Koha
    Library of Congress Classification     Colección General Bib. Gregorio Torres Quintero Bib. Gregorio Torres Quintero Planta baja   PS3545 I3.45 P8.4 261851 31/12/2020 1 Libro